000 00916nam a2200193 a 4500
001 46736
005 20180714030423.0
008 140415s1997 it 000 0 ita d
041 _aita
082 _a195
_bOPE
100 1 _aSCIACCA, MICHELE FEDERICO
245 1 0 _aINTERPRETAZIONI ROSMINIANE
250 _a1a ed.
260 _aITALIA :
_bLEPOS,
_c1997
300 _a
_c14 x 2.5 x 22.5
490 _aOPERE DI MICHELE FEDERICO SCIACCA
520 _aLE PAGINE QUI RACCOLTE, SCRITTE IN VARIE CIRCONSTANZE DAL 1939 AL 1955, SONO TUTTE POSTERIORI AL VOLUME LA FILOSOFIA MORALE DI A. ROSMINI, PUBBLICATO NEL 1938 (V EDIZIONE, 1968), E DI ESSO, IN UN CERTO SENSO, LA CONTINUAZIONE, L´APPROFONDIMENTO E ANCHE, SU ALCUNI PUNTI, LA REVISIONE. I DUE VOLUMINI CONTENGONO QUANTO, IN UN VEMTENNIO CIRCA, SONO ANDATO PENSANDO E SCRIVENDO DIRETTAMENTE SULLA FILOSOFIA DEL ROVERETANO.
650 1 4 _aFILOSOFIA
999 _c46736
_d46736